000 00316nam a22001337a 4500
020 _qHB.
040 _cFIZZA ISHAQ
082 _a620
_bKEN
100 _aCARPER L.KENNETH.
_990180
245 _aFORENSIC ENGINEERING /
_cKENNETH L.CARPER.
260 _aLONDON ;
_bCRC,
_c1998.
300 _a361 P. ;
942 _2ddc
_cBK
999 _c588543
_d588543